| 000 | 02683cam a2200397 4500500 | ||
|---|---|---|---|
| 005 | 20260208005223.0 | ||
| 041 | _afre | ||
| 042 | _adc | ||
| 100 | 1 | 0 |
_aCoulombe, Émilie _eauthor |
| 700 | 1 | 0 |
_aPoint, Christophe _eauthor |
| 245 | 0 | 0 | _aPaillettes et panique |
| 260 | _c2026. | ||
| 500 | _a92 | ||
| 520 | _aLes recherches en éducation n’échappent pas si facilement au prisme de la cis-hétéronormativité, et peu de travaux en français s’intéressent à la présence et aux activités des personnes issues de la diversité sexuelle et de genre au sein des contextes éducatifs. Or, parmi ces personnes, les artistes drags intervenant dans ces contextes sont régulièrement l’objet de critiques politiques et morales. Notre contribution interroge ces paniques morales en direction des artistes drag pour tenter d’en déterminer des régularités et d’en expliquer les causes sociales et politiques. Enfin, nous faisons l’hypothèse que ces paniques morales envers les artistes drags en contexte éducatif révèlent une peur inquiétante des corps queers, et plus largement de la queerness en éducation qu’il conviendrait de questionner. | ||
| 520 | _aEducational research does not easily escape the prism of cis-heteronormativity, and few studies in French focus on the presence and activities of sexually and gender-diverse individuals in educational contexts. Among these individuals, drag artists performing in these contexts are regularly the target of political and moral criticism. Our contribution questions these moral panics directed at drag artists in an attempt to identify patterns and explain their social and political causes. Finally, we hypothesize that these moral panics towards drag artists in educational contexts reveal a disturbing fear of queer bodies, and more broadly of queerness in education, which should be questioned. | ||
| 690 | _aartiste drag | ||
| 690 | _aautorité | ||
| 690 | _acis-hétéronormativité | ||
| 690 | _acorps queer | ||
| 690 | _adiversité sexuelle et de genre | ||
| 690 | _adrag | ||
| 690 | _apanique morale | ||
| 690 | _apédagogie critique de la norme | ||
| 690 | _aqueerness | ||
| 690 | _aauthority | ||
| 690 | _acisheteronormativity | ||
| 690 | _acritical pedagogy | ||
| 690 | _adrag | ||
| 690 | _adrag artist | ||
| 690 | _amoral panic | ||
| 690 | _aqueer bodies | ||
| 690 | _aqueerness | ||
| 690 | _asexual and gender diversity | ||
| 786 | 0 | _nSpirale - Revue de recherches en éducation | 77 | 1 | 2026-01-09 | p. 77-88 | 0994-3722 | |
| 856 | 4 | 1 | _uhttps://shs.cairn.info/revue-spirale-revue-de-recherches-en-education-2026-1-page-77?lang=fr&redirect-ssocas=7080 |
| 999 |
_c1651127 _d1651127 |
||